1927 1060 1837 1712 1254 1761 1950 1928 1653 1254 1217 1775 1186 1388 1132 1452 1486 1022 1041 1127 1651 1722 1679 1564 1815 1455 1459 1868 1271 1634 1832 1461 1598 1641 1219 1936 1656 1470 1308 1668 1852 1155 1353 1957 1279 1027 1677 1429 1974 1916 1840 1061 1509 1831 1566 1941 1623 1729 1118 1601 1276 1509 1117 1229 1009 1283 1996 1344 1878 1321 1675 1861 1357 1273 1275 1873 1502 1505 1320 1712 1879 1177 1340 1378 1697 1660 1962 1669 1110 1794 1816 1938 1047 1938 1177 1697 1644 1930 1396 BCNSPRNW ULIB Ver.6.0+V

เปลี่ยนเป็นภาษาไทย

Change to English
 แสดงรายละเอียดบรรณานุกรม
  กลับหน้าหลัก

Brief Record : Get Marc (ISO 2709) : E-mail record : QR code < ปิดหน้าต่าง
LEADER : 00000nam 2200000uu 4500
001    13399114115
003     ULIB
008    120216s2542||||th 000 0 tha d
020    ^a97466281904 (pbk.)
060 04 ^aWA308^bศ448ห 2542
100 0  ^aศิริกุล อิศรานุรักษ์
245 10 ^aหลักการวางแผนงานอนามัยครอบครัว :^bคู่มือนักสาธารณสุข = An
246 31 ^aAn introduction to family health planning : a health
260    ^aกรุงเทพฯ :^bเจริญดีการพิมพ์,^c2542
300    ^a239 หน้า ;^c21 ซม.
650  4 ^aอนามัยครอบครัว
945    ^p150^l0^i9720
995    ^aกัณชพร
999 ^a ใช้งานได้ทุกระบบ
รายการนี้ยังไม่มีแท็ก
คุณยังไม่ได้ล็อกอิน คุณสามารถมีกิจกรรมร่วมกับเว็บไซต์ได้ แต่ต้องล็อกอินก่อน ::
  ล็อกอิน

รายการสื่อสารสนเทศ

ลำดับที่ ประเภท เลขเรียก/บาร์โค้ด สถานที่ สถานะ
- ไม่พบข้อมูล -

รายการใกล้เคียง
    ผู้แต่ง [ศิริกุล อิศรานุรักษ์]

    หัวเรื่อง [อนามัยครอบครัว]

BibComment


ยังไม่เคยถูกคอมเมนท์

คอมเมนท์ทรัพยากรรายการนี้
  คอมเมนท์: หลักการวางแผนงาน..


 Copyright 2026. Bcnsprnw @Library